000 00508nam a22001697a 4500
999 _c8986
_d8986
008 210309b ||||| |||| 00| 0 eng d
040 _aBMS College of Architecture
100 _aMadhurya, B
245 _aEthno tourism centre
300 _a97p.
500 _a1BM09AT012
502 _8B.Arch
_NBMS College of Architecture, Visvesvaraya Technological University (VTU)
_aProject report
_d2013
650 _aTourism
700 _aAjaichandran C K
_eGuide
700 _aBhagyalaxmi M
_eGuide
942 _2ddc
_cTHE